| 000 | 00667nam a2200229 a 4500 | ||
|---|---|---|---|
| 005 | 20210219153116.0 | ||
| 008 | 991125n 000 0 u | ||
| 035 | _aUPN01000078406 | ||
| 100 | _aFunkhouser, Charles | ||
| 222 | _aSCHOOL SCIENCE AND MATHEMATICS | ||
| 245 | _aA examination of the problem-solving conceptualizations of inservice teachers | ||
| 300 | _a81-85 | ||
| 362 | _a93, No. 2, 1993 | ||
| 505 | _aDiciembre 1993 | ||
| 653 | 0 | _aDEFINICIONES | |
| 653 | 0 | _aDIAGRAMA (CONOCIMIENTO) | |
| 653 | 0 | _aESTRUCTURA COGNITIVA | |
| 653 | 0 | _aMAESTROS DE MATEMATICA | |
| 653 | 0 | _aRESOLUCION DE PROBLEMAS | |
| 904 |
_aAC _b016217 |
||
| 905 | _aArticulo | ||
| 999 |
_c68676 _d68676 |
||